|
|
|
|
| LEADER |
00000nam a22000007a 4500 |
| 005 |
20140318180045.0 |
| 007 |
cr|||| |||| |
| 008 |
140318s2014 mx |||||s|||| 00||0 spa d |
| 020 |
|
|
|a 978-607-440-557-6
|
| 035 |
|
|
|a 11819
|
| 040 |
|
|
|a vLex
|
| 090 |
|
|
|c 4721
|d 4721
|
| 100 |
1 |
|
|a Přez Chv̀ez, Još
|
| 245 |
1 |
0 |
|a Guia legal, fiscal y administrativa de la Ley antilavado de dinero
|h [Recurso electrn̤ico] /
|c Jos ̌Přez Chv̀ez
|
| 256 |
|
|
|a Servicio en ln̕ea
|
| 260 |
|
|
|a Mx̌ico D.F.:
|b Tax Editores,
|c 2014
|
| 300 |
|
|
|a 1 recurso electrn̤ico
|
| 500 |
|
|
|a El 17/X/2012 se public ̤en el DOF la Ley Federal para la Prevencin̤ e Identificacin̤ de Operaciones con Recursos de Procedencia Ilc̕ita (tambiň conocida como Ley antilavado de dinero), que tiene por objeto primordial proteger el sistema financiero y la economa̕ nacional, a travš de medidas y procedimientos para prevenir y detectar actos u operaciones que involucren recursos de procedencia ilc̕ita. La Ley antilavado de dinero entr ̤en vigor a los nueve meses siguientes al da̕ de su publicacin̤ en el DOF, es decir, el 17/VII/2013, por lo que es necesario que las personas fs̕icas y morales se preparen administrativamente en caso de que realicen las actividades vulnerables que prev ̌la Ley, a efecto de cumplir con las obligaciones que se precisan en la misma, en su Reglamento, publicado en el DOF el 16/VIII/2013; en el Acuerdo 02/2013 por el que se emiten las Reglas de Carc̀ter General a que se refiere la Ley, publicado en el DOF el 23/VIII/2013; en la Resolucin̤ por la que se expide el formato oficial para el alta y registro de quienes realicen actividades vulnerables y en la Resolucin̤ por la que se expiden los formatos oficiales de los avisos e informes que deben presentar quienes realicen actividades vulnerables, publicadas ambas resoluciones en el DOF el 30/VIII/2013 y, de este modo, eviten las sanciones que se pueden imponer por su inobservancia. Esperamos que esta obra sea de gran utilidad para las personas fs̕icas y morales que realicen actividades vulnerables, los estudiantes y profesores de materias relacionadas con el tema y, en general, para cualquier persona interesada en este novedoso tema.
|
| 506 |
1 |
|
|a Contenido solo disponible en los productos indicados
|d vLex Global
|d vLex Global (Academic Edition, excluding Law Schools)
|d vLex Global (U.S. Academic Edition, Law Schools)
|d vLex Global (U.S. Academic Edition, excluding Law Schools)
|d vLex Global (Academic Edition, Law Schools)
|
| 650 |
0 |
4 |
|a Derecho fiscal
|z Mx̌ico
|
| 650 |
0 |
4 |
|a Derecho administrativo
|z Mx̌ico
|
| 650 |
0 |
4 |
|a Fraude fiscal
|z Mx̌ico
|
| 740 |
0 |
|
|a vLex Libros (Servicio en ln̕ea)
|
| 856 |
4 |
0 |
|u http://vlex.com/source/guia-legal-fiscal-y-administrativa-de-la-ley-antilavado-de-dinero-11819
|z Acceso restringido
|
| 942 |
|
|
|c BOOK
|
| 999 |
0 |
|
|a Taxation
|
| 999 |
0 |
|
|a Tax evasion
|
| 999 |
0 |
|
|a Administrative law
|